Țările care încep cu litera I - Statistics

General Stats
  • This quiz has been taken 6 times
  • The average score is 7 of 11
Answer Stats
Ţară % Correct
Irak
100%
Iran
100%
Indonezia
83%
India
67%
Irlanda
67%
Islanda
67%
Israel
67%
Italia
67%
Iordania
50%
Insulele Marshall
17%
Insulele Solomon
17%
No matching quizzes found
Score Distribution
Percent of People with Each Score
Percentile by Number Answered
Your Score History
You have not taken this quiz